000 00897nam a2200277 i 4500
001 bg
245 0 0 _aSłownik łacińsko-polski.
_nT. 4,
_pP-R /
_cpod red. Mariana Plezi ; [oprac. haseł T. Górski et al.].
250 _aWyd. 2 reprint, 1 dodr.
260 _aWarszawa :
_bWydawnictwo Naukowe PWN,
_c2007.
300 _a583 s. :
_berr. ;
_c24 cm.
650 9 _aSłownik łacińsko-polski
700 1 _aPlezia, Marian
_d(1917-1996).
_eRed.
700 1 _aGórski, Tytus
_d(1922- )
015 _aPB 14718/2007
020 _a9788301127091
020 _a9788301126001
040 _cBPK
041 0 _alat
_apol
044 _aPOL
080 _a811.124::811.162.1]'374
920 _a978-83-01-12709-1 (t. 4)
920 _a978-83-01-12600-1 (t. 1-5)
942 _cKS
008 070625s2007 pl d |000 0 pol
999 _c54436
_d54436